Guillermo Wiedemann (Registro nro. 305761)

Detalles MARC
000 -ENCABEZADO
Número de control [NR] 00911 a2200253 4500
005 - FECHA Y HORA DE LA ÚLTIMA TRANSACCIÓN
control field 20170127085702.0
008 - DE LONGITUD FIJA DE DATOS DE ELEMENTOS - INFORMACIÓN GENERAL
Elementos de longitud fija [NR] 170119s2016 ck ao||fr|||| 000 0 spa d
020 ## - NUMERO INTERNACIONAL NORMALIZADO PARA LIBROS [R]
Número Internacional Normalizado del libro [NR] 9789587420647
040 ## - FUENTE DE CATALOGACION [NR]
Agencia de catalogación original [NR] CO-BoUCM
Idioma de catalogación [NR] spa
Quien Cataloga Saul Niño
Quien Clasifica Saul Niño
041 0# - CODIGO DE IDIOMA [R]
Código de idioma para texto/pista de sonido o título separado [R] Español
100 1# - ASIENTO PRINCIPAL--NOMBRE PERSONAL [NR]
Nombre personal [NR] Wiedemann, Guillermo
ID Autoridad 83680
245 10 - MENCION DE TITULO [NR]
Título [NR] Guillermo Wiedemann
Parte restante del título [NR] viaje a la abstracción
260 ## - PUBLICACION, DISTRIBUCION, ETC. (PIE DE IMPRENTA) [R]
Lugar de publicación, distribución, etc. [R] Bogotá (Colombia)
Nombre del editor, distribuidor, etc. [R] Gamma
-- Davivienda
Fecha de publicación, distribución, etc. [R] 2016
300 ## - DESCRIPCION FISICA [R]
Extensión [R] 275 páginas
Otros detalles físicos [NR] ilustraciones, fotografías
500 ## - NOTA GENERAL [R]
Nota general [NR] Cronología
600 1# - ASIENTO SECUNDARIO DE MATERIA - NOMBRE PERSONAL [R]
Nombre personal [NR] Wiedemann, Guillermo
Fechas asociadas con el nombre [NR] 1905-1969
Subdivisión de forma [R] Exposiciones pictóricas
9 (RLIN) 83514
600 1# - ASIENTO SECUNDARIO DE MATERIA - NOMBRE PERSONAL [R]
Nombre personal [NR] Wiedemann, Guillermo
Fechas asociadas con el nombre [NR] 1905-1969
Subdivisión general [R] Crítica e intrpretación
9 (RLIN) 83515
650 #7 - ASIENTO SECUNDARIO DE MATERIA - TERMINO TEMATICO [R]
9 (RLIN) 9445
Término temático o nombre geográfico como elemento de entrada [NR] Arte abstracto
650 #7 - ASIENTO SECUNDARIO DE MATERIA - TERMINO TEMATICO [R]
9 (RLIN) 21506
Término temático o nombre geográfico como elemento de entrada [NR] Pintores colombianos
650 #7 - ASIENTO SECUNDARIO DE MATERIA - TERMINO TEMATICO [R]
9 (RLIN) 21560
Término temático o nombre geográfico como elemento de entrada [NR] Pintura moderna
690 #0 - ASUNTO AGREGADO LOCAL DE ENTRADA - TÉRMINO TEMÁTICO (OCLC, RLIN)
Acceso temático local Arte
9 (RLIN) 9444
942 ## - ELEMENTOS DE ENTRADA AGREGADOS (KOHA)
Tipo de ítem principal el descrito en 300a Libro
Sistema de clasificación DEWEY
Tema principal Arte
Edición 1
Clasificación 759.9861
Parte restante de la signatura top. W644gu
Existencias
Fecha de último préstamo Total préstamos Total Renewals Signatura topográfica Código de barras Última vez visto Ejemplar Costo de reposición Price effective from Tipo de ítem Nota pública (OPAC) Perdido Sistema de clasificación Dañado No prestable Tipo de ítem específico Suprimido Ubicación habitual Ubicación actual Localización Fecha de creación Proveedor Forma de adquisición Costo
14/06/2022 2 1 759.9861 W644gu 100152198 05/12/2025 Ej.1 26000.00 17/01/2017 Libro Spot Artes Visuales   DEWEY     Libro   Claustro Claustro Mezanine 17/01/2017 12 Donación 0.00